Manual de analgesia y sedación en urgencias de pediatría / (Registro nro. 3103)
[ vista simple ]
| 000 -LEADER | |
|---|---|
| campo de control de longitud fija | 00670nam a22002057a 4500 |
| 001 - NÚMERO DE CONTROL | |
| campo de control | 3103 |
| 003 - IDENTIFICADOR DE NÚMERO DE CONTROL | |
| campo de control | HMS |
| 005 - FECHA Y HORA DE LA ÚLTIMA TRANSACCIÓN | |
| campo de control | 20251226125955.0 |
| 008 - DATOS DE LONGITUD FIJA--INFORMACIÓN GENERAL | |
| campo de control de longitud fija | 251226b cl ||||| |||| 00| 0 spa d |
| 020 ## - NÚMERO INTERNACIONAL ESTÁNDAR DEL LIBRO | |
| Número Internacional Estándar del Libro | 9788484739968 |
| 040 ## - FUENTE DE CATALOGACIÓN | |
| Centro catalogador/agencia de origen | hms |
| Lengua de catalogación | spa |
| Centro/agencia transcriptor | hms |
| 050 04 - SIGNATURA TOPOGRÁFICA DE LA BIBLIOTECA DEL CONGRESO | |
| Número de clasificación | WO440 M294 |
| 245 10 - MENCIÓN DEL TÍTULO | |
| Título | Manual de analgesia y sedación en urgencias de pediatría / |
| Mención de responsabilidad, etc. | Editor Susana Capapé Zache ; Sociedad Española de Urgencias Pediátricas. |
| Medio | [libro] |
| 250 ## - MENCION DE EDICION | |
| Mención de edición | 2ª edición |
| 260 ## - PUBLICACIÓN, DISTRIBUCIÓN, ETC. | |
| Lugar de publicación, distribución, etc. | Madrid, España : |
| Nombre del editor, distribuidor, etc. | Ergon, |
| Fecha de publicación, distribución, etc. | 2012 |
| 300 ## - DESCRIPCIÓN FÍSICA | |
| Extensión | 245 páginas : |
| Otras características físicas | ilustraciones ; |
| Dimensiones | 20 cm. |
| 500 ## - NOTA GENERAL | |
| Nota general | Incluye índice |
| 650 #7 - PUNTO DE ACCESO ADICIONAL DE MATERIA--TÉRMINO DE MATERIA | |
| Término de materia o nombre geográfico como elemento de entrada | Anestesia y Analgesia |
| 9 (RLIN) | 5185 |
| 942 ## - ELEMENTOS DE ENTRADA SECUNDARIOS (KOHA) | |
| Fuente del sistema de clasificación o colocación | The National Library of Medicine |
| Tipo de ítem Koha | Colección Médica |
| Suprimir en OPAC | No |
| Estatus retirado | Estado de pérdida | Fuente del sistema de clasificación o colocación | Estado de daño | No para préstamo | Colección | Biblioteca de origen | Biblioteca actual | Ubicación en estantería | Fecha de adquisición | Número de inventario | Total de préstamos | Signatura topográfica completa | Código de barras | Visto por última vez | Copia número | Precio de reemplazo | Tipo de ítem Koha |
|---|---|---|---|---|---|---|---|---|---|---|---|---|---|---|---|---|---|
| The National Library of Medicine | Colección Reserva | Biblioteca Hospital Militar de Santiago | Biblioteca Hospital Militar de Santiago | Full Space | 22/12/2025 | 001716 | WO440 M294 2ªed 2012 | 001716 | 26/12/2025 | c.1 | 22/12/2025 | Colección Médica |
